| 000 | 00665nam a2200193 a 4500 | ||
|---|---|---|---|
| 001 | 000303659 | ||
| 003 | AM-YeHGA | ||
| 005 | 20250618071942.0 | ||
| 008 | 040127s1950 aj |||||r|||||||||1|arm|d | ||
| 040 | _aAM-YeHGA | ||
| 041 | 0 | _aarm | |
| 245 | 0 | 0 |
_aԵրեսուն գարուն : _b(Գրական-գեղարվեստական ալմանախ) / _cԽմբ.՝ Հ. Ամիրխանյան. |
| 260 |
_aԲաքու : _bԱզերնեշր, _c1950. |
||
| 300 |
_a339 էջ ; _c20 սմ. |
||
| 650 | 1 | 4 |
_aՀայ գրականություն _xԱլմանախ |
| 700 | 1 |
_aԱմիրխանյան, Համո Ազիզի, _d1906-1986 _eխմբ. _4edt _92136 |
|
| 942 |
_2udc _cBK |
||
| 090 | _c113227 | ||
| 999 |
_c111890 _d111890 |
||